000 00615nam a2200265Ia 4500
005 20260306164320.0
008 008 260114s9999 xx 000 0 eng d
020 _a9780804798624
037 _aEBOOK
040 _aCRL
040 _beng
040 _cCRL
041 _2eng
041 _aeng
084 _qCRL
100 _aSchulman, Roe
_91130426
245 0 _aReliability And Risk
260 _bStanford University Press
260 _c2017
650 _aEconomics & Finance
856 _uhttps://academic.oup.com/book/21714
942 _cEBOOK
999 _c1713620
_d1713620